Asterix and the Laurel wreath
| Format: | Book |
|---|---|
| Published: |
London :
Hodder Dargaud ,
1970
|
MARC
| LEADER | 00000cam a2200000 7i4500 | ||
|---|---|---|---|
| 001 | 0000003430 | ||
| 002 | 000003698 | ||
| 005 | 20000330.0 | ||
| 020 | |a 0340206993 | ||
| 090 | 0 | 0 | |a C |b AST |
| 245 | 0 | 0 | |a Asterix and the Laurel wreath |c Goscinny |
| 260 | |a London : |b Hodder Dargaud , |c 1970 | ||
| 300 | |a 48p. ; |c 29cm. | ||
| 999 | |a 036948 |b BUKU |c CARTOON |e PERPUSTAKAAN KOMUNITI PETALING JAYA | ||